00837nam 2200193 45000010005000000900009000051000041000141010008000552000168000632100054002312150029002853000051003146060031003656060017003967000036004137120091004498010020005409950083005606070 a6070 a20190729k u||y0frey50 ba afre aPlutonium, poumons et effets de proximité bBrochurefMaurice Eugène André gAssociation Internationale pour la Protection contre les Rayonnements Ionisants  aVisé, BelgiquecMaurice Eugène André d1996 a9 p. et annexesd30 cm.  aRéédition avec annexes supplémentaires.  9648aNucléaire (Energie) 9353aSanté 96975aMaurice Eugène André  96974aAssociation Internationale pour la Protection contre les Rayonnements Ionisants  aCHbCH-002049-8 10203052026-06-1297048bARCHICcARCHICeBrochuresf7894hCATkBroch 2727o1